RWBY Character Quiz (As of Volume 4) Stats

Quiz not verified by Sporcle

Also try: Cartoon Couples
Challenge
Share
Tweet
Embed
Score 0/92 Timer 20:00
0 Plays Today
Hint Answer % Correct
RWBYRuby Rose
98.4%
RWBYWeiss Schnee
90.5%
RWBYYang Xiao Long
85.7%
JNPRJaune Arc
83.1%
JNPRLie Ren
81.5%
JNPRNora Valkyrie
81%
RWBYBlake Belladona
80.4%
JNPRPyrrha Nikos
79.9%
CFVYCoco Adel
72.5%
Cinder's FactionCinder Fall
58.2%
SSSNSun Wukong
57.7%
Beacon StaffProfessor Ozpin
57.1%
Cinder's FactionMercury Black
56.6%
CRDLCardin Winchester
55%
Beacon StaffGlynda Goodwitch
55%
Cinder's FactionRoman Torchwick
54.5%
Salem's FactionSalem
53.4%
White Fang Adam Taurus
51.9%
STRQSummer Rose
51.3%
Beacon StaffProfessor Peter Port
50.3%
Cinder's FactionEmerald Sustrai
48.7%
STRQTaiyang Xiao Long
48.1%
STRQQrow Branwen
48.1%
STRQRaven Branwen
47.6%
AtlasJames Ironwood
46%
Beacon StaffProfessor Bartholomew Oobleck
45%
CFVYFox Alistar
43.9%
Penny's TeamPenny Polendina
43.9%
AtlasWinter Schnee
42.3%
CRDLSky Lark
39.7%
SSSNNeptune Vasilias
39.7%
Hint Answer % Correct
GrimmBeowolf
39.7%
CRDLRussel Thrush
39.2%
GrimmNevermore
39.2%
CFVYYatsuhashi Daich
38.6%
SSSNScarlet David
38.1%
FNKIFlynt Coal
37.6%
CRDLDove Bronzewing
37%
GrimmUrsa
36.5%
FNKINeon Katt
36%
GrimmDeath Stalker
33.9%
MenagerieKali Belladona
32.3%
SSSNSage Ayana
31.7%
Penny's TeamCiel Soleil
31.7%
MenagerieGhira Belladona
30.7%
PatchZwei
29.6%
KuroyuriLi Ren
29.6%
Junior's ClubMelanie Malachite
29.1%
Salem's FactionTyrian Callows
28%
Salem's FactionDr. Arthur Watts
27%
ABRNReese Chloris
26.5%
GrimmBoarbatusk
26.5%
Junior's ClubMiltia Malachite
25.4%
NDGODew Gayl
25.4%
GrimmCreep
25.4%
GrimmDragon
25.4%
Junior's ClubJunior Xiong
24.9%
GrimmKing Taijitu
24.9%
ABRNArslan Altan
24.3%
BRNZMay Zedong
24.3%
BRNZBrawnz Ni
23.8%
NDGOOctavia Ember
23.8%
Hint Answer % Correct
KuroyuriAn Ren
23.3%
NDGONebula Violette
22.2%
NDGOGwen Darcy
21.7%
ABRNNadir Shiko
21.2%
GrimmGriffon
21.2%
ValeTukson
20.6%
White FangWhite Fang Lieutenant
20.1%
ABRNBolin Hori
19.6%
BRNZRoy Stallion
19.6%
GrimmSeer
19.6%
GrimmNuckelavee
19.6%
GrimmGeist
18.5%
OtherAmber
18%
White FangFennec Albain
17.5%
BRNZNolan Porfirio
17.5%
GrimmGoliath
17.5%
CFVYVelvet Scaraltina
16.9%
Salem's FactionHazel Rainart
16.9%
ValeShopkeeper
16.9%
White FangCorsac Albain
16.4%
GrimmSea Dragon
16.4%
OtherOscar Pine
15.9%
AtlasWhitley Shnee
11.6%
GrimmBeringal
11.6%
Cinder's FactionNeopolotan
10.6%
AtlasKlein Sieben
10.1%
AtlasJacques Schee
9.5%
AtlasHenry Merigold
6.9%
White FangIllia Amitola
5.8%
OtherMerlot
5.8%

You're not logged in!

Compare scores with friends on all Sporcle quizzes.
Sign Up with Email
OR
Log In

You Might Also Like...

Show Comments

Extras

Top Quizzes Today


Score Distribution

Your Account Isn't Verified!

In order to create a playlist on Sporcle, you need to verify the email address you used during registration. Go to your Sporcle Settings to finish the process.